Guía Ambiental Sector Maracuyá Departamento del Meta (Registro nro. 8933)

Detalles MARC
000 -CABECERA
Campo de control 00925nam a22002537a 4500
005 - FECHA Y HORA DE LA ULTIMA TRANSACCION
Campo de control 20150109090746.0
008 - ELEMENTOS DE LONGITUD FIJA—INFORMACION GENERAL
Campo de control 150108b2009 ck |||||r|||| 00| 0 spa d
020 ## - ISBN
ISBN 9789589906910
040 ## - FUENTE DE CATALOGACIÓN
Agencia catalogadora original CO-BoIAVH
Agencia transcriptora CO-BoIAVH
041 ## - IDIOMA
Código de idioma para texto/pista de sonido o título separado Español
044 ## - PAÍS DE PUBLICACIÓN
País de publicación Colombia
090 ## - CLASIFICACIÓN LOCAL
Colección EA
Consecutivo 00239
100 1# - ASIENTO PRINCIPAL--NOMBRE PERSONAL
Nombre personal Díaz-Vergara, Ricardo
245 1# - MENCION DE TITULO
Título Guía Ambiental Sector Maracuyá Departamento del Meta
Mención de responsabilidad Ricardo, Díaz-Vergara
260 ## - PUBLICACION, DISTRIBUCION, ETC. (PIE DE IMPRENTA)
Lugar de publicación, distribución, etc. Villavicencio :
Nombre del editor, distribuidor, etc. Corporación para el Desarrollo Sostenible La Macarena-CORMACARENA,
-- Ecopetrol,
Fecha de publicación, distribución, etc. 2009.
300 ## - DESCRIPCION FISICA
Extensión 40 pag
Otros detalles físicos Tab, fot (col)
Dimensiones 28 cm
504 ## - NOTA DE BIBLIOGRAFIA, ETC.
Nota de bibliografía Incluye referencias bibliográficas (pag 40)
650 #4 - ASIENTO SECUNDARIO DE MATERIA - TERMINO TEMATICO
Término temático o nombre geográfico como elemento de entrada Maracuyá
Subdivisión general Cultivo
650 #4 - ASIENTO SECUNDARIO DE MATERIA - TERMINO TEMATICO
Término temático o nombre geográfico como elemento de entrada Maracuyá
Subdivisión general Enfermedades y plagas
650 ## - ASIENTO SECUNDARIO DE MATERIA - TERMINO TEMATICO
Término temático o nombre geográfico como elemento de entrada Maracuyá
Subdivisión general Aspectos Ambientales
650 #6 - ASIENTO SECUNDARIO DE MATERIA - TERMINO TEMATICO
Término temático o nombre geográfico como elemento de entrada Maracuyá
Subdivisión general Abonos y fertilizantes
650 ## - ASIENTO SECUNDARIO DE MATERIA - TERMINO TEMATICO
Término temático o nombre geográfico como elemento de entrada Maracuyá
Subdivisión general Producción
942 ## - ELEMENTOS ADICIONALES (KOHA)
Sistema de clasificación Local
Tipo de ítem Libro
Existencias
Withdrawn status Lost status Sistema de Clasificación Damaged status No para préstamo Colección Inventariado Ubicación Permanente Ubicación actual Fecha de adquisición Fuente de Valor Valor Total Checkouts Número topográfico Inventario / Código de Barras Date last seen Ejemplar Price effective from Forma de adquisición Tipo de material
    Local     Educación Ambiental Inventariado 2017 Sala Fabio Quevedo Sala Fabio Quevedo 08/01/2015 Instituto 39000.00   EA-00239 034884 08/01/2015 Ej. 1 08/01/2015   Libro